000 00357nam a22001457a 4500
003 SGT
020 _a938426655-8
082 _a615.19
_bGOE
100 _aGOEL, DR. RADHA
245 _aPHARMACOLOGICAL AND TOXICOLOGICAL SCREENING
260 _aINDIA
_bBIRLA PUB.
_c2025
300 _a257
650 _aPHARMACOLOGICAL AND TOXICOLOGICAL
942 _2ddc
_cBK
999 _c32947
_d32947